00434nam a2200133Ia 4500008004100000041000800041082001700049100002000066245011600086260002600202300001900228365000700247520004600254240719s9999 xx 000 0 und d aeng a371.3028 GRE aGreen W. Gordon aMaking Your Education Work For You A Proven System For Success In School And For Getting The Job Of Your Dreams aNew YorkbForgec2010 a302.; P. 20 Cm b15 a Gifted By : IMT Faculty Dr. senthi kumar